|
|
|
|
| LEADER |
00000nab a2200000 a 4500 |
| 001 |
vtls000421867 |
| 003 |
SK-MaSNL |
| 005 |
20260318124823.0 |
| 008 |
230217c1990 xo 0 eng |
| 015 |
|
|
|a SNBRB19rr/mm-uuuuu
|
| 035 |
|
|
|a CL0421995
|
| 035 |
|
|
|a urn:nbn:sk:snk-ab1qmz
|
| 035 |
|
|
|a (urnnbn)urn:nbn:sk:snk:ar-004zzv
|
| 035 |
|
|
|a (uuid)97a2edd9-e842-4597-ad5c-80d9f8f3e122
|
| 040 |
|
|
|a SNKBUCL
|b slo
|c SNKBUCL
|e AACR2
|
| 041 |
0 |
|
|a eng
|
| 044 |
|
|
|a xo
|c SK
|
| 080 |
|
|
|a 519.613:681.326.3:621.3.062.1
|2 1981
|
| 080 |
|
|
|a 681.326.3
|2 1981
|
| 080 |
|
|
|a 621.3.062.1
|2 1981
|
| 100 |
1 |
|
|a Bvilacqua, Roberto
|4 aut
|9 1294234
|
| 245 |
1 |
0 |
|a Parallel inversion of band matrices
|c Roberto Bvilacqua, Francesco Romani, Grazia Lotti ; Roberto Bevilacqua
|
| 300 |
|
|
|b Obr. 2. Fot. 3. Res. angl., rus., lit. 18 zázn. v angl., tal.
|
| 650 |
0 |
7 |
|a procesory
|2 snkbucl
|9 1845
|
| 650 |
0 |
7 |
|a matice (matematika)
|2 snkbucl
|9 99437
|
| 650 |
0 |
7 |
|a algoritmy
|2 snkbucl
|9 3655
|
| 655 |
|
7 |
|a články z novín a časopisov
|2 snkbucl
|9 267496
|
| 700 |
1 |
|
|a Romani, Francesco
|4 aut
|9 1294235
|
| 700 |
1 |
|
|a Lotti, Grazia
|4 aut
|9 1294236
|
| 700 |
1 |
|
|a Bevilacqua, Roberto
|4 aut
|9 1294237
|
| 773 |
0 |
|
|t Computers and artificial intelligence
|g Roč. 9, č. 5 (1990), s. 493-501
|
| 850 |
|
|
|a Slovenská národná knižnica v Martine
|a MTA001
|
| 852 |
|
|
|a SNK
|b KIS3GCP
|
| 958 |
|
|
|a NB
|
| 958 |
|
|
|a RK
|
| 958 |
|
|
|a OND
|
| 958 |
|
|
|a EUIPO
|
| 958 |
|
|
|a article27
|
| 992 |
|
|
|a RBX
|
| 999 |
|
|
|c 2575382
|d 2577312
|